Montana Cities A-Z - Statistics

General Stats
  • This quiz has been taken 73 times
    54 since last reset
  • The average score is 4 of 5
Answer Stats
Population Municipality or CDP % Correct
B 117,116 Billings
98%
H 32,091 Helena
96%
M 73,489 Missoula
90%
G 60,442 Great Falls
88%
K 24,558 Kalispell
77%
No matching quizzes found
Score Distribution
Percent of People with Each Score
Percentile by Number Answered
Your Score History
You have not taken this quiz since the last reset